Sports Quiz

Random Sports or NCAA Quiz
Score 0/278 Timer 20:00
0 Plays Today
Answer % Correct
Southwestern Athletic ConferenceSouthern
92.2%
West Coast ConferenceSan Diego
90.9%
Big Sky ConferenceMontana
90.2%
Ivy LeagueCornell
90.2%
Ivy LeagueDartmouth
90.2%
Ivy LeagueHarvard
90.2%
Ivy LeaguePrinceton
90.2%
Ivy LeagueYale
90.2%
America East ConferenceVermont
88.2%
Big Sky ConferenceIdaho
88.2%
Ivy LeagueBrown
88.2%
Ivy LeagueColumbia
88.2%
Ivy LeaguePenn
88.2%
Mountain West ConferenceWyoming
88.2%
Patriot LeagueBoston University
88.2%
West Coast ConferencePortland
88.2%
Atlantic 10 ConferenceDayton
86.3%
Big Sky ConferenceMontana St
86.3%
Missouri Valley ConferenceIllinois St
86.3%
Missouri Valley ConferenceIndiana St
86.3%
Missouri Valley ConferenceMissouri St
86.3%
Mountain West ConferenceUtah St
86.3%
America East ConferenceMaine
84.3%
America East ConferenceNew Hampshire
84.3%
American Athletic ConferenceUCF
84.3%
American Athletic ConferenceHouston
84.3%
American Athletic ConferenceSouth Florida
84.3%
American Athletic ConferenceTulsa
84.3%
Atlantic 10 ConferenceUMass
84.3%
Atlantic Sun ConferenceJacksonville
84.3%
Big West ConferenceHawaii
84.3%
Conference USAWestern Kentucky
84.3%
Mid-American ConferenceBall St
84.3%
Mid-American ConferenceBuffalo
84.3%
Mid-American ConferenceCentral Michigan
84.3%
Mid-American ConferenceEastern Michigan
84.3%
Mid-American ConferenceNorthern Illinois
84.3%
Mid-American ConferenceWestern Michigan
84.3%
Mountain West ConferenceNew Mexico
84.3%
Mountain West ConferenceSan Diego St
84.3%
Mountain West ConferenceAir Force
84.3%
America East ConferenceAlbany
82.4%
American Athletic ConferenceUConn
82.4%
American Athletic ConferenceSMU
82.4%
American Athletic ConferenceWichita St
82.4%
Atlantic 10 ConferenceGeorge Mason
82.4%
Atlantic 10 ConferenceRhode Island
82.4%
Atlantic 10 ConferenceSaint Louis
82.4%
Atlantic 10 ConferenceVCU
82.4%
Big Sky ConferenceIdaho St
82.4%
Big Sky ConferenceNorthern Colorado
82.4%
Big Sky ConferenceWeber St
82.4%
Conference USAFlorida Atlantic
82.4%
Conference USAFIU
82.4%
Horizon LeagueGreen Bay
82.4%
Mid-American ConferenceAkron
82.4%
Mid-American ConferenceKent St
82.4%
Mid-American ConferenceOhio
82.4%
Mid-American ConferenceToledo
82.4%
Missouri Valley ConferenceLoyola-Chicago
82.4%
Mountain West ConferenceBoise St
82.4%
Mountain West ConferenceUNLV
82.4%
Mountain West ConferenceNevada
82.4%
Patriot LeagueLoyola (MD)
82.4%
American Athletic ConferenceMemphis
80.4%
American Athletic ConferenceTulane
80.4%
Big Sky ConferenceNorthern Arizona
80.4%
Big West ConferenceUC Santa Barbara
80.4%
Colonial Athletic AssociationDelaware
80.4%
Conference USAMarshall
80.4%
Conference USANorth Texas
80.4%
Conference USAOld Dominion
80.4%
Conference USASouthern Miss
80.4%
Conference USAUTEP
80.4%
Conference USAUTSA
80.4%
Horizon LeagueDetroit
80.4%
Horizon LeagueNorthern Kentucky
80.4%
Horizon LeagueOakland
80.4%
Horizon LeagueMilwaukee
80.4%
Missouri Valley ConferenceDrake
80.4%
Missouri Valley ConferenceSouthern Illinois
80.4%
Patriot LeagueNavy
80.4%
America East ConferenceUMBC
78.4%
American Athletic ConferenceEast Carolina
78.4%
Atlantic 10 ConferenceRichmond
78.4%
Big Sky ConferencePortland St
78.4%
Conference USALouisiana Tech
78.4%
Horizon LeagueUIC
78.4%
Metro Atlantic Athletic ConferenceManhattan
78.4%
Mid-American ConferenceBowling Green
78.4%
Mid-American ConferenceMiami (Ohio)
78.4%
Missouri Valley ConferenceBradley
78.4%
Mountain West ConferenceColorado St
78.4%
Answer % Correct
Northeast ConferenceRobert Morris
78.4%
Ohio Valley ConferenceMurray St
78.4%
Patriot LeagueArmy
78.4%
American Athletic ConferenceCincinnati
76.5%
American Athletic ConferenceTemple
76.5%
Atlantic 10 ConferenceGeorge Washington
76.5%
Atlantic Sun ConferenceFGCU
76.5%
Atlantic Sun ConferenceNJIT
76.5%
Atlantic Sun ConferenceNorth Florida
76.5%
Atlantic Sun ConferenceStetson
76.5%
Atlantic Sun ConferenceLiberty
76.5%
Big Sky ConferenceSacramento St
76.5%
Big Sky ConferenceEastern Washington
76.5%
Conference USAMiddle Tennessee
76.5%
Horizon LeagueIUPUI
76.5%
Horizon LeagueWright St
76.5%
Metro Atlantic Athletic ConferenceIona
76.5%
Metro Atlantic Athletic ConferenceSiena
76.5%
Missouri Valley ConferenceEvansville
76.5%
Mountain West ConferenceFresno St
76.5%
Ohio Valley ConferenceEastern Illinois
76.5%
Big South ConferenceUNC Asheville
74.5%
Big West ConferenceUC Davis
74.5%
Horizon LeagueCleveland St
74.5%
Missouri Valley ConferenceNorthern Iowa
74.5%
Mountain West ConferenceSan Jose St
74.5%
Ohio Valley ConferenceJacksonville St
74.5%
The Summit LeagueNorth Dakota St
74.5%
The Summit LeagueNorth Dakota
74.5%
Atlantic Sun ConferenceNorth Alabama
72.7%
America East ConferenceStony Brook
72.5%
Atlantic 10 ConferenceLa Salle
72.5%
Big West ConferenceUC Irvine
72.5%
Big West ConferenceLong Beach St
72.5%
Colonial Athletic AssociationDrexel
72.5%
Colonial Athletic AssociationWilliam & Mary
72.5%
Conference USACharlotte
72.5%
Conference USARice
72.5%
Mid-Eastern Athletic ConferenceNorfolk St
72.5%
Ohio Valley ConferenceBelmont
72.5%
Patriot LeagueBucknell
72.5%
Patriot LeagueColgate
72.5%
Patriot LeagueLehigh
72.5%
Southern ConferenceMercer
72.5%
The Summit LeagueSouth Dakota
72.5%
The Summit LeagueSouth Dakota St
72.5%
America East ConferenceBinghamton
70.6%
America East ConferenceUMass Lowell
70.6%
Atlantic 10 ConferenceSt. Bonaventure
70.6%
Atlantic Sun ConferenceLipscomb
70.6%
Big West ConferenceUC Riverside
70.6%
Big West ConferenceCal St Fullerton
70.6%
Big West ConferenceCal Poly
70.6%
Colonial Athletic AssociationUNC Wilmington
70.6%
Colonial Athletic AssociationNortheastern
70.6%
Conference USAUAB
70.6%
Mid-Eastern Athletic ConferenceDelaware St
70.6%
Mid-Eastern Athletic ConferenceHoward
70.6%
Northeast ConferenceLIU
70.6%
Patriot LeagueAmerican
70.6%
Southern ConferenceEast Tennessee St
70.6%
Southern ConferenceFurman
70.6%
Southern ConferenceVMI
70.6%
Southwestern Athletic ConferenceAlabama St
70.6%
America East ConferenceHartford
68.6%
Atlantic Sun ConferenceKennesaw St
68.6%
Big Sky ConferenceSouthern Utah
68.6%
Big South ConferenceCampbell
68.6%
Colonial Athletic AssociationHofstra
68.6%
Colonial Athletic AssociationJames Madison
68.6%
Metro Atlantic Athletic ConferenceMonmouth
68.6%
Mid-Eastern Athletic ConferenceNorth Carolina A&T
68.6%
Northeast ConferenceSt Francis (NY)
68.6%
Northeast ConferenceSt Francis (PA)
68.6%
Ohio Valley ConferenceTennessee Tech
68.6%
Southern ConferenceUNC Greensboro
68.6%
West Coast ConferenceGonzaga
68.6%
Western Athletic ConferenceNew Mexico St
68.6%
Atlantic 10 ConferenceDavidson
66.7%
Big South ConferenceRadford
66.7%
Big South ConferenceHampton
66.7%
Colonial Athletic AssociationCharleston
66.7%
Mid-Eastern Athletic ConferenceSouth Carolina St
66.7%
Northeast ConferenceCentral Connecticut
66.7%
Ohio Valley ConferenceEastern Kentucky
66.7%
Southern ConferenceWofford
66.7%
Sun Belt ConferenceLouisiana
66.7%
The Summit LeagueWestern Illinois
66.7%
Northeast ConferenceMerrimack
66.7%
Atlantic 10 ConferenceDuquesne
64.7%
Atlantic 10 ConferenceFordham
64.7%
Big South ConferencePresbyterian
64.7%
Big West ConferenceCal St Northridge
64.7%
Answer % Correct
Colonial Athletic AssociationElon
64.7%
Horizon LeagueYoungstown St
64.7%
Metro Atlantic Athletic ConferenceSaint Peter's
64.7%
Mid-Eastern Athletic ConferenceCoppin St
64.7%
Ohio Valley ConferenceAustin Peay
64.7%
Ohio Valley ConferenceTennessee St
64.7%
Ohio Valley ConferenceMorehead St
64.7%
Southern ConferenceChattanooga
64.7%
Southern ConferenceWestern Carolina
64.7%
Southland ConferenceStephen F Austin
64.7%
Southwestern Athletic ConferenceAlabama A&M
64.7%
Southwestern Athletic ConferenceGrambling
64.7%
Sun Belt ConferenceGeorgia St
64.7%
West Coast ConferenceBYU
64.7%
Atlantic 10 ConferenceSaint Josephs
62.7%
Metro Atlantic Athletic ConferenceCanisius
62.7%
Metro Atlantic Athletic ConferenceQuinnipiac
62.7%
Metro Atlantic Athletic ConferenceRider
62.7%
Mid-Eastern Athletic ConferenceMorgan St
62.7%
Mid-Eastern Athletic ConferenceNorth Carolina Central
62.7%
Patriot LeagueHoly Cross
62.7%
Sun Belt ConferenceCoastal Carolina
62.7%
Sun Belt ConferenceTexas St
62.7%
West Coast ConferenceSaint Mary's
62.7%
Big South ConferenceCharleston Southern
60.8%
Big South ConferenceHigh Point
60.8%
Big South ConferenceUSC Upstate
60.8%
Mid-Eastern Athletic ConferenceMaryland Eastern Shore
60.8%
Patriot LeagueLafayette
60.8%
Southwestern Athletic ConferenceTexas Southern
60.8%
Sun Belt ConferenceSouth Alabama
60.8%
The Summit LeagueDenver
60.8%
West Coast ConferencePacific
60.8%
West Coast ConferencePepperdine
60.8%
Big South ConferenceWinthrop
58.8%
Colonial Athletic AssociationTowson
58.8%
Missouri Valley ConferenceValparaiso
58.8%
Southern ConferenceSamford
58.8%
Southland ConferenceSam Houston St
58.8%
Southwestern Athletic ConferenceJackson St
58.8%
Sun Belt ConferenceArkansas St
58.8%
Sun Belt ConferenceGeorgia Southern
58.8%
West Coast ConferenceSan Francisco
58.8%
West Coast ConferenceSanta Clara
58.8%
Big South ConferenceLongwood
56.9%
Metro Atlantic Athletic ConferenceFairfield
56.9%
Metro Atlantic Athletic ConferenceNiagara
56.9%
Metro Atlantic Athletic ConferenceMarist
56.9%
Northeast ConferenceWagner
56.9%
Southland ConferenceHouston Baptist
56.9%
Southland ConferenceLamar
56.9%
Southland ConferenceNorthwestern St
56.9%
Sun Belt ConferenceTroy
56.9%
The Summit LeagueOmaha
56.9%
The Summit LeagueOral Roberts
56.9%
Western Athletic ConferenceGrand Canyon
56.9%
Northeast ConferenceBryant
54.9%
Northeast ConferenceFairleigh Dickinson
54.9%
Ohio Valley ConferenceUT Martin
54.9%
Western Athletic ConferenceChicago St
54.9%
Mid-Eastern Athletic ConferenceFlorida A&M
52.9%
Southern ConferenceCitadel
52.9%
Southland ConferenceMcNeese St
52.9%
Southwestern Athletic ConferenceMississippi Valley St
52.9%
Sun Belt ConferenceArkansas Little Rock
52.9%
West Coast ConferenceLoyola Marymount
52.9%
Western Athletic ConferenceCalifornia Baptist
52.9%
Western Athletic ConferenceSeattle
52.9%
Northeast ConferenceMount St. Mary's
51%
Northeast ConferenceSacred Heart
51%
Ohio Valley ConferenceSEMO
51%
Ohio Valley ConferenceSIU Edwardsville
51%
Sun Belt ConferenceAppalachian St
51%
Western Athletic ConferenceUtah Valley
51%
Southland ConferenceIncarnate Word
49%
Southland ConferenceNew Orleans
49%
Southwestern Athletic ConferenceAlcorn St
49%
Western Athletic ConferenceCal St Bakersfield
49%
Southland ConferenceAbilene Christian
47.1%
Western Athletic ConferenceUMKC
47.1%
Southland ConferenceCentral Arkansas
45.1%
The Summit LeaguePurdue Fort Wayne
45.1%
Southland ConferenceSoutheastern Louisiana
43.1%
Southwestern Athletic ConferencePrairie View A&M
43.1%
Western Athletic ConferenceUTRGV
43.1%
Sun Belt ConferenceTexas–Arlington
39.2%
Southland ConferenceNicholls
35.3%
Sun Belt ConferenceLouisiana–Monroe
27.5%
Big South ConferenceGardner–Webb
0%
Mid-Eastern Athletic ConferenceBethune–Cookman
0%
Southland ConferenceTexas A&M–Corpus Christi
0%
Southwestern Athletic ConferenceArkansas–Pine Bluff
0%
Come Together.
Have Fun.
All Virtual.
We all need to come together. Play Sporcle's virtual live trivia to have fun, connect with people, and get your trivia on. Join a live hosted trivia game for your favorite pub trivia experience done virtually. If a virtual private party is more your thing, go here for details.

You're not logged in!

Compare scores with friends on all Sporcle quizzes.
OR
Log In

Sporcle TV

Today on Sporcle TV


Watch our educational content, quiz creation guides, and fun videos on Sporcle TV.

Show Comments

Extras

Top Quizzes Today


Score Distribution

Paid Content

Your Account Isn't Verified!

In order to create a playlist on Sporcle, you need to verify the email address you used during registration. Go to your Sporcle Settings to finish the process.

Report this User

Report this user for behavior that violates our Community Guidelines.

Details: